| 000 | 00000nam 2200000za 4500 |
| 001 | 9.835782 |
| 003 | CaOODSP |
| 005 | 20221107150739 |
| 007 | cr ||||||||||| |
| 008 | 170616s2017 quc o f000 0 eng d |
| 020 | |a978-0-660-08410-7 |
| 040 | |aCaOODSP|beng |
| 043 | |an-cn--- |
| 086 | 1 |aEm12-27/2-2017E-PDF |
| 245 | 00|aNew Horizons for Seniors Program - engaging seniors, strengthening communities |h[electronic resource] : |bbuilding an effective project team. |
| 260 | |a[Gatineau, QC] : |bEmployment and Social Development Canada, |cc2017. |
| 300 | |a[2] p. |
| 500 | |aIssued also in French under title: Programme Nouveaux horizons pour les aînés - mobiliser les aînés, renforcer les collectivités : former une équipe de projet efficace. |
| 500 | |aCaption title. |
| 520 | |a“Are you already part of an organization that might develop a New Horizons for Seniors Program project? Do you need to build a team to help make a project happen? An effective team will help develop a good project idea and ensure its success. Successful projects require careful planning. Think about what you want to accomplish, how you can do it, and who can help"--p. [1]. |
| 692 | 07|2gccst|aSeniors |
| 692 | 07|2gccst|aCommunity programs |
| 692 | 07|2gccst|aFunding |
| 710 | 1 |aCanada. |bEmployment and Social Development Canada. |
| 775 | 08|tProgramme Nouveaux horizons pour les aînés - mobiliser les aînés, renforcer les collectivités |w(CaOODSP)9.835783 |
| 795 | |tTips for building a project team |w(CaOODSP)9.820056 |
| 856 | 40|qPDF|s204 KB|uhttps://publications.gc.ca/collections/collection_2017/edsc-esdc/Em12-27-2-2017-eng.pdf |
| 986 | |aSSD-186-05-17(2)E |